| 000 | 01501cam a2200361 a 4500 | ||
|---|---|---|---|
| 001 | EDZ0000083373 | ||
| 003 | StDuBDS | ||
| 005 | 20161031105213.0 | ||
| 006 | m||||||||d|||||||| | ||
| 007 | cr ||||||||||| | ||
| 008 | 120427s2011 caua fo| 001|0|eng|d | ||
| 020 |
_a9781446252000 (ebook) : _cNo price |
||
| 040 |
_aStDuBDS _beng _cStDuBDS _epn |
||
| 049 | _aAlfaisal Main Library | ||
| 050 | 0 |
_aLB1025.3 _b.R63 2011 |
|
| 082 | 0 | 4 |
_a371.1024 _223 |
| 100 | 1 | _aRoffey, Sue. | |
| 245 | 1 | 4 |
_aThe new teacher's survival guide to behaviour _h[electronic resource] / _cSue Roffey. |
| 250 | _a2nd ed. | ||
| 260 |
_aLos Angeles, [Calif.] ; _aLondon : _bSAGE, _c2011. |
||
| 300 |
_a1 online resource (x, 148 p.) : _bill. |
||
| 500 | _aPrevious ed.: London: Paul Chapman, 2004. | ||
| 520 | 8 | _aDo you dread Monday? Ever wondered how you're going to face that class? This text is designed to help the new teacher establish and maintain positive relationships with all students. It also looks at the professional needs of the new teachers themselves. | |
| 504 | _aIncludes bibliographical references and index. | ||
| 521 | _aSpecialized. | ||
| 588 | _aDescription based on print version record. | ||
| 650 | 0 | _aClassroom management. | |
| 655 | 7 |
_aElectronic books. _2local |
|
| 710 | 2 | _aSage eBooks | |
| 776 | 0 | 8 |
_iPrint version : _z9781849207447 |
| 856 | 4 | 0 | _uhttp://ezproxy.alfaisal.edu/login?url=http://sk.sagepub.com/books/the-new-teachers-survival-guide-to-behaviour-2e |
| 942 |
_2lcc _cEBOOKS |
||
| 999 |
_c481605 _d481605 |
||